Matemáticas para ingeniería

Uloženo v:
Podrobná bibliografie
Hlavní autoři: Arancibia Carvajal, Sara (Autor), Jiménez Briones, Daniel (Autor)
Další autoři: Mena Lorca, Jaime Juan Fernando (autor)
Médium: Kniha
Jazyk:španělština
Vydáno: Valparaíso Universidad Católica de Valparaíso 1996
Témata:
Tagy: Přidat tag
Žádné tagy, Buďte první, kdo vytvoří štítek k tomuto záznamu!

MARC

LEADER 00000nam a2200000 a 4500
001 UCT2693
003 CL-VaPUC
008 961011e19960000CL |||||||||||||||||spa|d
082 0 4 |a 510.246  |b ARA  |2 21 
100 0 |a Arancibia Carvajal, Sara  |e author  |9 371667 
700 |a Mena Lorca, Jaime Juan Fernando  |e autor  |9 601130 
700 0 |a Jiménez Briones, Daniel  |e author  |9 19 
245 1 0 |a Matemáticas para ingeniería 
300 |a 406 p 
942 |c BK 
945 |d 19961011 00:00:00  |a nastorga 
260 |a Valparaíso  |b Universidad Católica de Valparaíso  |c 1996 
650 0 |a Matemáticas para ingenieros  |9 259317 
650 0 |a Cálculo diferencial   |9 260102 
650 0 |a Números reales   |9 270334 
650 0 |a Funciones (Matemáticas)  |9 338128 
650 0 |a Geometría analítica   |9 260062 
650 0 |a Derivadas  |9 354237 
650 0 |a Números reales   |9 270334 
583 |a last modification  |c 19961011 00:00:00  |k Rodrigo Vera 
999 |c 252676  |d 252674 
952 |0 0  |1 0  |4 0  |6 510_246000000000000_ARA_1996  |7 0  |8 A  |9 272658  |a BIBMAT  |b BIBMAT  |d 2019-11-19  |i 3237699  |o 510.246 ARA 1996  |p 3237699  |r 2025-01-07  |w 2019-11-19  |y BK  |k MAT 
952 |0 0  |1 0  |4 0  |6 510_246000000000000_ARA_1996  |7 0  |8 A  |9 272663  |a BIBMAT  |b BIBMAT  |d 2019-11-19  |i 3237753  |o 510.246 ARA 1996  |p 3237753  |r 2025-01-07  |w 2019-11-19  |y BK  |k MAT 
952 |0 0  |1 0  |2 ddc  |4 0  |6 510_246000000000000_ARA_1996  |7 0  |8 A  |9 272687  |a BIBALI  |b BIBALI  |c GEN  |d 2019-11-19  |i 3330524  |o 510.246 ARA 1996  |p 3330524  |r 2025-01-20  |w 2019-11-19  |y BK  |k ALI 
952 |0 0  |1 0  |2 ddc  |4 0  |6 510_246000000000000_ARA_1996  |7 0  |8 A  |9 272694  |a BIBALI  |b BIBALI  |c GEN  |d 2019-11-19  |i 3330591  |o 510.246 ARA 1996  |p 3330591  |r 2025-01-20  |w 2019-11-19  |y BK  |k ALI